Complétez ces expressions avec des fruits et légumes - Statistiques

Statistiques générales
  • Ce quiz a été pris 7 943 fois
  • Le résultat moyen est 11 sur 24
Statistiques - réponses
Hint Réponse % Correct
Avoir un coeur d'_____ artichaut
95%
Se fendre la _____ poire
89%
Tomber dans les _____ pommes
89%
Presser comme un _____ citron
88%
C'est la fin des _____ haricots
82%
Ramener sa _____ fraise
79%
Refiler la _____ chaude patate
74%
Etre une grande _____ asperge
68%
Mettre du beurre dans les _____ épinards
63%
Avoir le _____ melon
63%
Avoir les oreilles en _____ chou-fleur
52%
Raconter des _____ salades
50%
Manger les _____ par la racine pissenlits
32%
Les _____ sont cuites carottes
27%
Ne pas avoir un _____ radis
26%
Prendre une _____ prune
21%
Etre bête comme _____ chou
15%
Avoir la tête comme une _____ citrouille
15%
Avoir un _____ dans la tête pois chiche
13%
Ca ne vaut pas une _____ cacahuète
9%
C'est pas tes _____ oignons
9%
Devenir rouge comme une ______ tomate
8%
Appuyer sur le _____ champignon
7%
Avoir du sang de _____ navet
3%
Aucun quiz correspondant
Distribution des résultats
% des personnes avec chaque résultat
Percentile par nombre de réponses
Votre historique - résultats
Vous n’avez pas pris ce quiz